[Event "Chigorin Memorial 07th"]
[Site "St Petersburg"]
[Date "1999.11.07"]
[Round "6"]
[White "Lugovoi, Aleksei"]
[Black "Skatchkov, Pavel"]
[Result "0-1"]
[WhiteElo "2509"]
[BlackElo "2416"]
[Annotator "Huebner,R"]
[PlyCount "250"]
[EventDate "1999.11.02"]
[EventType "swiss"]
[EventRounds "9"]
[EventCountry "RUS"]
[SourceTitle "CBM 074"]
[Source "ChessBase"]
[SourceDate "2000.02.01"]
[SourceVersion "1"]
[SourceVersionDate "2000.02.01"]
[SourceQuality "1"]

1. d4 d5 2. c4 c6 3. Nc3 Nf6 4. Nf3 dxc4 5. a4 Bf5 6. e3 e6 7. Bxc4 Bb4 8. O-O
O-O 9. Qe2 Bg6 10. Ne5 Nbd7 11. Nxg6 hxg6 12. Rd1 Qa5 13. Bd2 Rad8 14. Be1 Nb6
15. Bb3 e5 16. dxe5 Qxe5 17. Qc2 (17. g3 a5 18. Kg2 Nbd7 19. Qc4 Qe7 20. h3 g5
21. Rac1 Ne5 22. Qe2 g4 23. hxg4 Nexg4 24. Rxd8 Rxd8 25. Rd1 Rxd1 26. Qxd1 $11
{1-0 Kamsky,G-Kramnik,V/Monaco 1995/CBM 46 ext (42)}) 17... Rxd1 (17... Ng4 {
Nicht mehr verspricht} 18. Rxd8 Qxh2+ 19. Kf1 Rxd8 20. Qxg6 Ne5 21. Qg5 $11)
18. Rxd1 Ng4 19. Qxg6 $6 (19. g3 Qh5 20. h4 Ne5 21. Qe4 a5 {führt zu gleichem
Spiel}) (19. h3 $5 Qh2+ 20. Kf1 Ne5 ({Nach} 20... Qh1+ 21. Ke2 Nh2 22. Qe4 Qf1+
23. Kd2 {macht der Springer auf h2 keine glückliche Figur.}) 21. Qe4 {sieht
dagegen noch besser aus als der Textzug.}) 19... Qxh2+ 20. Kf1 Ne5 21. Qg5 Re8
22. Rd4 Be7 23. Qf4 (23. Qf5 $5 {kommt in Betracht.}) 23... Qxf4 24. exf4 $6 (
24. Rxf4 $11) 24... Ned7 25. a5 Nc5 26. Ba2 Bf6 27. Rd1 Nba4 28. Nxa4 Nxa4 29.
Rd7 Re7 30. Rxe7 $2 ({Die Fortsetzung} 30. Rd8+ Kh7 31. Rf8 {gefällt mir viel
besser; sie ist für Weiß ganz risikofrei.}) 30... Bxe7 31. b4 Bf6 32. Bc4 Bc3
33. Bb3 Bxe1 34. Kxe1 Nc3 35. Kd2 Nb5 36. Bc4 Nd6 37. Bd3 f6 38. Kc3 Kf7 39.
Kd4 Ke6 40. Kc5 Kd7 41. g4 Kc7 42. g5 Nc8 43. gxf6 gxf6 44. f5 b6+ 45. axb6+
axb6+ 46. Kd4 Kd6 47. Bc2 Ne7 48. Be4 Ng8 49. Bc2 Nh6 50. f4 b5 51. Bb1 Nf7 52.
Ba2 Nd8 53. Bb1 Nb7 54. Bd3 Kc7 55. Bc2 Kb6 56. Bb1 Nd6 57. Bc2 Ne8 58. Bb3 Nc7
59. Bf7 Na6 60. Kc3 c5 61. bxc5+ Kxc5 62. Be6 Nb4 63. Kb3 Nd3 64. Bc8 Nxf4 65.
Kc3 Ne2+ 66. Kd3 Nd4 67. Kc3 Nc6 68. Kb3 Ne5 69. Kc3 Nc4 70. Be6 Nb6 71. Kb3
Nd5 72. Bd7 Nf4 73. Bc8 Ne2 74. Bd7 Ng3 75. Kc3 Nh1 76. Kb3 Nf2 77. Kc3 Nh3 78.
Kb3 Ng5 79. Kc3 Ne4+ 80. Kb3 Nf2 81. Kc3 Ng4 82. Kb3 Ne5 83. Bc8 Nc6 84. Kc3
b4+ 85. Kd3 Ne5+ 86. Kc2 Kc4 87. Be6+ Kb5 88. Kb3 Nc6 89. Bd7 Kc5 90. Kc2 Kd6
91. Be8 Kd5 92. Kb3 Kc5 93. Bd7 Nd4+ 94. Kb2 Kd6 95. Bc8 Kc6 96. Ka2 Kc7 97.
Ba6 Kd6 98. Bc8 Kc5 99. Kb2 Nc6 100. Kb3 Ne5 101. Be6 Kb5 102. Bc8 Nd3 103.
Bd7+ Kb6 104. Be6 Kc5 105. Bc8 Ne5 106. Kc2 Nc6 107. Kd3 Na5 108. Kc2 Kd5 109.
Kd3 Kc5 110. Kc2 Nc6 111. Kd3 Ne7 112. Be6 Nd5 113. Bc8 Nb6 114. Be6 Na4 115.
Kc2 Kb5 116. Bd7+ Ka5 117. Bc8 Nc5 118. Be6 Ka4 119. Kb2 b3 120. Kc3 Ka3 121.
Bxb3 Nxb3 122. Kc4 Nd2+ 123. Kd5 Kb4 124. Ke6 Ne4 125. Kd5 Ng5 0-1

[Event "EU-chT (Men) 12th"]
[Site "Batumi"]
[Date "1999.11.30"]
[Round "2.2"]
[White "Nikolic, Predrag"]
[Black "Van Wely, Loek"]
[Result "1/2-1/2"]
[WhiteElo "2641"]
[BlackElo "2629"]
[Annotator "Huebner,R"]
[PlyCount "51"]
[EventDate "1999.11.06"]
[EventType "team-swiss"]
[EventRounds "9"]
[EventCountry "GEO"]
[SourceTitle "CBM 074"]
[Source "ChessBase"]
[SourceDate "2000.02.01"]
[SourceVersion "1"]
[SourceVersionDate "2000.02.01"]
[SourceQuality "1"]
[WhiteTeam "Bosnia&Herzegovina"]
[BlackTeam "Netherlands"]
[WhiteTeamCountry "BIH"]
[BlackTeamCountry "NED"]

1. d4 d5 2. c4 c6 3. Nc3 Nf6 4. Nf3 dxc4 5. a4 Bf5 6. e3 e6 7. Bxc4 Bb4 8. O-O
Nbd7 9. Qe2 Bg6 10. Ne1 {Große Popularität hat dieser Zug begreiflicherweise
nicht erlangt, und in der Informatormonographie von Z. Ribli ist er nicht
erwähnt. Dennoch folgt die vorliegende Partie bis zum 16. Zuge einem
unbekannten Vorbild.} O-O 11. Nd3 Bd6 12. e4 e5 13. dxe5 Nxe5 14. Nxe5 Bxe5 15.
f3 Qc7 16. g3 (16. g4 Rfe8 17. Be3 Bf4 18. Qd2 Qb6 19. Bxb6 Bxd2 20. Bd4 Nd7
21. Rfd1 $11 {0-1 Mikenas,V-Smyslov,V/Moscow 1944/URS-ch (54)}) 16... Kh8 17.
Be3 Nd7 18. Rfd1 Rae8 19. a5 f5 20. Bxa7 {Mit diesem Bauernraub kann Weiß das
Gleichgewicht soeben aufrechterhalten.} fxe4 (20... Bxc3 21. bxc3 fxe4 22. f4
$11) 21. Nxe4 (21. fxe4 Bxc3 22. bxc3 Rxe4 {ist natürlich nicht
aussichtsreicher für Weiß.}) 21... Bxe4 22. fxe4 b5 23. axb6 Nxb6 24. Kg2 Nxc4
25. Qxc4 Bxb2 26. Ra2 1/2-1/2

[Event "EU-chT (Men) 12th"]
[Site "Batumi"]
[Date "1999.11.29"]
[Round "1.3"]
[White "Bauer, Christian"]
[Black "Almasi, Zoltan"]
[Result "0-1"]
[WhiteElo "2480"]
[BlackElo "2663"]
[Annotator "Huebner,R"]
[PlyCount "58"]
[EventDate "1999.11.06"]
[EventType "team-swiss"]
[EventRounds "9"]
[EventCountry "GEO"]
[SourceTitle "CBM 074"]
[Source "ChessBase"]
[SourceDate "2000.02.01"]
[SourceVersion "1"]
[SourceVersionDate "2000.02.01"]
[SourceQuality "1"]
[WhiteTeam "France"]
[BlackTeam "Hungary"]
[WhiteTeamCountry "FRA"]
[BlackTeamCountry "HUN"]

1. d4 d5 2. c4 c6 3. Nf3 Nf6 4. Nc3 dxc4 5. a4 Bf5 6. e3 e6 7. Bxc4 Bb4 8. O-O
O-O 9. Qe2 Bg6 10. Ne5 Nbd7 11. Nxg6 hxg6 12. Rd1 Qa5 13. Na2 (13. Bd2 {
ist üblich, siehe Z. Ribli, Slawisch D16-19 (Informatormonographie), D 19/129.}
) 13... Qxa4 14. b3 (14. e4 {mit ungefähr ausgeglichener Stellung wurde einige
Male versucht.}) 14... Qa5 15. Nxb4 $2 (15. e4 {ist auch jetzt noch der
angewiesene Zug.}) 15... Qxa1 16. Na2 Qb1 17. Ba3 Qf5 18. Bxf8 Rxf8 {Weiß hat
keine genügende Kompensation für den geopferten Bauern.} 19. Nc3 Rd8 20. Qa2 a6
21. Bd3 Qg5 22. Qa3 Nf8 23. h3 Qh4 24. Qa5 Nd5 25. Na4 Re8 26. e4 $6 {Weiß
sollte das Feld f4 nicht für den Springer des Schwarzen freigeben.t} (26. Nb2 {
mit der Absicht, Sb2-c4 folgen zu lassen, war angebracht; es ist dann für
Schwarz keinesfalls leicht, Fortschritte zu machen.}) 26... Nf4 27. Bf1 e5 28.
dxe5 Qh5 ({Nach} 28... Qg5 29. g3 Nxh3+ 30. Bxh3 Qh5 31. Rd8 Rxd8 32. Qxd8 Qxh3
33. Nc5 {hat Weiß beträchtliches Gegenspiel.}) 29. Rd8 $2 ({Nach} 29. Nc3 Qxe5
(29... Rxe5 30. Qc7) 30. Qxe5 Rxe5 31. g3 Nh5 {hat Schwarz mit der Verwertung
seines Mehrbauern noch beträchtliche Arbeit. Jetzt dagegen ist die Sache
einfach.}) 29... Nxh3+ 0-1

[Event "Moscow Aeroflot op-A"]
[Site "Moscow"]
[Date "2003.02.18"]
[Round "8"]
[White "Pelletier, Yannick"]
[Black "Deviatkin, Andrei"]
[Result "1-0"]
[WhiteElo "2624"]
[BlackElo "2487"]
[Annotator "Huebner,R"]
[PlyCount "57"]
[EventDate "2003.02.10"]
[EventType "swiss"]
[EventRounds "9"]
[EventCountry "RUS"]
[SourceTitle "CBM 094"]
[Source "ChessBase"]
[SourceDate "2003.05.26"]
[SourceVersion "1"]
[SourceVersionDate "2003.05.26"]
[SourceQuality "1"]

1. d4 d5 2. c4 c6 3. Nf3 Nf6 4. Nc3 dxc4 5. a4 Bf5 6. e3 e6 7. Bxc4 Bb4 8. O-O
Nbd7 9. Qe2 Bg6 10. e4 O-O 11. Bd3 Bh5 12. e5 Nd5 13. Nxd5 cxd5 14. Qe3 Bg6 15.
Ng5 Re8 16. f4 Rc8 17. g4 (17. Bd2 Bxd2 18. Qxd2 Qb6 19. Bb5 Rc2 20. Qe3 Rd8
21. Rac1 Rxc1 22. Rxc1 Nb8 $11 {0-1 Magerramov,E-Meduna,E/Trnava 1981/MCD (41).
(41)}) 17... f6 $6 ({Nach} 17... Bxd3 18. Qxd3 Nf8 {hat Schwarz keine Sorgen.})
18. Bxg6 ({In Betracht kommt auch} 18. f5 fxg5 19. fxg6 h6 20. Bd2 $14) 18...
hxg6 19. Nf3 ({Die Fortsetzung} 19. exf6 $5 Nxf6 ({Nach} 19... gxf6 20. Nxe6
Qb6 21. f5 Nf8 22. Qd3 Nxe6 23. fxe6 Kg7 24. Bh6+ Kxh6 25. Rxf6 Qxd4+ (25...
Rg8 26. Qe3+ {führt zum Matt.}) 26. Qxd4 Bc5 27. Qxc5 Rxc5 28. Re1 Rc4 29. h3 {
ist Schwarz nicht ohne Sorgen.}) 20. h3 {gewährt vielleicht mehr Aussichten
auf Vorteil.}) 19... Qc7 (19... Qa5 $11) 20. Qd3 Nf8 21. f5 $6 ({Nach} 21. Bd2
Bxd2 22. Qxd2 Qc2 23. Rf2 Qxd2 24. Rxd2 {hat Weiß geringfügigen
Endspielvorteil; der Besitz der c-Linie wiegt die Mängel der Bauernstruktur
des Schwarzen nicht auf.}) 21... gxf5 22. gxf5 fxe5 $6 (22... Qc4 23. Qxc4 (23.
Qb1 Qc2) 23... Rxc4 {führt zum Vorteil für Schwarz; er ist besser entwickelt,
und jetzt ist seine Bauernstruktur gesund.}) 23. Nxe5 exf5 $2 {Schwarz erlaubt
dem Gegner nochmals, seine Figuren auf aktive Felder zu bringen. Nach} (23...
Bd6 24. Bf4 Qc2 {hat er noch stets nicht das Geringste zu fürchten.}) 24. Qxf5
Bd6 25. Nf7 Re7 $2 {Dies verliert sofort. Nötig ist} (25... Bxh2+ 26. Kh1 Bf4
$3 {Dieser Zug ist am Brett nicht einfach zu finden.} (26... Re7 {ist nicht
ausreichend:} 27. Ng5 (27. Nh6+ gxh6 28. Bxh6 Qd7 29. Qg5+ Kh8 30. Bxf8 Qh3 31.
Qf6+ Kg8 32. Qg6+ {führt zu Remis.}) 27... Rce8 (27... g6 28. Qxd5+ Kg7 29. Ra3
Rd8 30. Qf3 Bd6 31. Qf6+ Kg8 32. Rh3 Rg7 33. Ne6 {und Weiß gewinnt.}) 28. Ra3 (
28. Qxd5+ Ne6 {ist weniger stark.}) 28... Bg3 29. Raf3 {Weiß bekommt
entscheidenden Angriff.}) 27. Qxd5 {Andere Züge erbringen noch weniger.} Ne6
28. Bxf4 Qxf7 {Schwarz hat nichts zu befürchten.}) 26. Nxd6 Qxd6 27. Qxc8 Qg6+
28. Bg5 Qxg5+ 29. Kh1 1-0

[Event "Selfoss Milk Masters 1st"]
[Site "Selfoss"]
[Date "2002.10.13"]
[Round "6"]
[White "Stefansson, Hannes"]
[Black "Sokolov, Ivan"]
[Result "1/2-1/2"]
[WhiteElo "2566"]
[BlackElo "2684"]
[Annotator "Huebner,R"]
[PlyCount "43"]
[EventDate "2002.10.08"]
[EventType "tourn"]
[EventRounds "9"]
[EventCountry "ISL"]
[EventCategory "12"]
[SourceTitle "CBM 092"]
[Source "ChessBase"]
[SourceDate "2003.02.06"]
[SourceVersion "1"]
[SourceVersionDate "2003.02.06"]
[SourceQuality "1"]

1. d4 d5 2. Nf3 c6 3. c4 Nf6 4. Nc3 dxc4 5. a4 Bf5 6. e3 e6 7. Bxc4 Bb4 8. O-O
O-O 9. Qe2 Ne4 10. Bd3 Bxc3 11. bxc3 Nxc3 12. Qc2 Bxd3 13. Qxd3 Nd5 14. Ba3 Re8
15. Rab1 b6 16. Rfc1 a5 (16... Nf6 17. Ne5 (17. e4 e5 (17... c5 18. e5 Nd5 (
18... Nfd7 19. d5 $16) 19. dxc5 bxc5 20. Bxc5 Nd7 21. Bd6 {überläßt Weiß
einigen Vorteil.}) 18. Rd1 exd4 19. e5 {geschah in der Partie Najdorf,
M-Liebstein,A, Mar del Plata 1944; statt mit} Nd5 20. Qxd4 Nd7 {eine völlig
befriedigende Stellung aufzubauen, zog Schwarz 19...c5? und verlor.}) 17... Qd5
18. Qc3 (18. Qc2 c5 19. Rb5 a6 (19... Na6 $5 {kommt auch in Betracht.}) 20.
Rxb6 cxd4 21. exd4 Qxd4 22. Qc7 Nbd7 {gewährte dem Schwarzen bequemen
Ausgleich in der Partie Marini,L-Rosetto,H, Mar del Plata (zt) 1951.}) 18...
Ne4 19. Qb2 f6 20. Nc4 Rd8 21. f3 Ng5 {mit unklarer Lage, Rotunno,E-Petrovs,V,
Buenos Aires (ol) 1939. Ein klarer Vorteil ist für Weiß nach 16...Sf6
keineswegs ersichtlich.}) (16... f6 17. e4 Nf4 18. Qe3 Ng6 19. h4 {ist ein
neuerer Versuch: Polugaevskij-Romanishin, UdSSR ch Tbilisi 1978. Die von
Moiseev vorgeschlagene Fortsetzung} Nh8 {nebst Sh8-f7 trifft meinen Geschmack
eher als der Partiezug 19...h5?, doch gefällt mir der Zug 16...f6 ohnehin
nicht.}) 17. Ne5 Qc7 (17... Nb4 18. Bxb4 axb4 19. Nxc6 Nxc6 20. Rxc6 {
Euwe-Alekhine. Hague match 1937} e5 $2 (20... Rxa4 21. Qb5 Ra5 22. Qxb4 e5 23.
Rxb6 Ra8 {hätte dem Schwarzen viel bessere Remisaussichten gewährt.}) 21. Rxb4
exd4 22. Rxd4 Qb8 23. Qb5 {und Weiß gewann.}) 18. e4 Nb4 19. Bxb4 axb4 20. Rxb4
c5 21. Qb5 (21. Qb1 $2 {Petursson} Nc6 $1 $17 {Tukmakov-Petursson, Winnipeg
1994}) 21... Nc6 22. Qxb6 (22. Qxb6 {Hier wurde die Partie remis gegeben. In
der Partie Piket-Anand, Monte Carlo 2000, folgte noch:} Qxb6 23. Rxb6 Nxe5 24.
dxe5 Rxa4 25. Rc6 (25. f3 g5 26. Rxc5 Ra2 27. Rcb5 Kg7 28. Rb2 Rxb2 29. Rxb2
Rc8 $10) 25... Rxe4 26. R6xc5 {1/2-1/2.}) 1/2-1/2

[Event "FRA-ch Pool B"]
[Site "Marseille"]
[Date "2001.08.19"]
[Round "7"]
[White "Bacrot, Etienne"]
[Black "Fressinet, Laurent"]
[Result "1-0"]
[WhiteElo "2653"]
[BlackElo "2606"]
[Annotator "Huebner,R"]
[PlyCount "45"]
[EventDate "2001.08.13"]
[EventType "tourn"]
[EventRounds "7"]
[EventCountry "FRA"]
[EventCategory "13"]
[SourceTitle "CBM 085"]
[Source "ChessBase"]
[SourceDate "2001.11.13"]
[SourceVersion "1"]
[SourceVersionDate "2001.11.13"]
[SourceQuality "1"]

1. d4 d5 2. Nf3 Nf6 3. c4 c6 4. Nc3 dxc4 5. a4 Bf5 6. e3 e6 7. Bxc4 Bb4 8. O-O
O-O 9. Qe2 Bg6 10. Ne5 Nbd7 11. Nxg6 hxg6 12. Na2 Be7 {Dies ist recht passiv.
In der Vorgängerpartie geschah} (12... Bd6 13. e4 e5 14. f4 exd4 15. e5 Bc5 16.
Kh1 Nd5 17. b4 Be7 $13 {1/2-1/2 Van Wely,L-Almasi,Z/Polanica Zdroj 2000/CBM 79
no vc (107). (107)}) 13. Rd1 c5 $6 {Die Öffnung der Stellung geschieht zu früh.
Nach} (13... Qa5 14. Bd2 Qh5 {braucht Schwarz nicht zu verzweifeln.}) 14. e4
cxd4 15. e5 Nd5 16. Bxd5 exd5 17. Rxd4 Qa5 $2 ({Einzig die Fortsetzung} 17...
Nxe5 18. Qxe5 Bf6 19. Qf4 Bxd4 20. Qxd4 Re8 21. Be3 Re4 {bot Aussicht auf
Rettung. Nach dem Textzug ist die Lage des Schwarzen völlig hoffnungslos.}) 18.
Nc3 Nb6 19. Bd2 Bb4 $6 ({Zäher war immerhin noch} 19... Qc5 20. Be3 Qa5 (20...
Qc6 {wird mit} 21. a5 {beantwortet.}) {Nach} 21. Rd2 {verliert Schwarz einen
Bauern bei schlechterer Stellung.}) 20. Qg4 $18 Nc4 21. Qh3 g5 22. Bxg5 Nxe5
23. Rxb4 1-0

[Event "RUS-ch"]
[Site "Elista"]
[Date "1995.??.??"]
[Round "10"]
[White "Razuvaev, Yuri S"]
[Black "Solozhenkin, Evgeniy"]
[Result "1-0"]
[WhiteElo "2585"]
[BlackElo "2515"]
[Annotator "Huebner,R"]
[PlyCount "47"]
[EventDate "1995.10.??"]
[EventType "swiss"]
[EventRounds "11"]
[EventCountry "RUS"]
[SourceTitle "CBM 050"]
[Source "ChessBase"]
[SourceDate "1996.02.01"]
[SourceVersion "1"]
[SourceVersionDate "1996.02.01"]
[SourceQuality "1"]

1. d4 {Mowsziszian} Nf6 2. c4 c6 3. Nc3 d5 4. Nf3 dxc4 5. a4 Bf5 6. e3 e6 7.
Bxc4 Bb4 8. O-O Nbd7 9. Qe2 Bg4 10. Rd1 O-O 11. e4 {In den Partien Beliavsky,
A-Ivanchuk,V/Linares 1994 (Inf. 60/369) und München 1994, (Inf. 60/370) wählte
Weiß die Zugfolge.} (11. h3 Bxf3 12. Qxf3 {, doch läßt sie dem Schwarzen
größere Flexibilität bei der Auswahl seines Aufbaues. Auch in der Partie
Kasparov,G-Bareev,E, Novgorod 1994, (Inf. 61/392) entstand diese Stellung über
eine etwas andere Zugfolge. Am feinsinnigsten dürfte dann die Antwort sein,
die Ivancuk gegen Beljavskij in München wählte:} Rc8 {. Die Idee besteht darin,
daß Schwarz nach} 13. e4 e5 14. d5 Bxc3 15. bxc3 cxd5 16. Bxd5 Nxd5 17. Rxd5
Qc7 {gegenüber der unten wiedergegebenen Stammpartie dieses Abspiels, Jusupov,
A-Velikov,P, das wichtige Tempo Ta8-c8 gewonnen hat, denn dort geschah
Dd8-a5-c7.}) 11... Qa5 {Es folgt einiges Studienmaterial:} (11... Rc8 {geschah
in der Partie Razuvaev,J-Chernin,A, Tilburg 1994 (20 ). Nach 12.h3 Lf3: 13.Df3:
e5 könnte Schwarz die Idee von Ivancuk verwirklichen. Weiß spielte} 12. Bf4 {
, und nach} Qa5 13. e5 Nd5 14. Nxd5 cxd5 15. Bd3 Qd8 16. h3 Bh5 17. g4 Bg6 18.
Kg2 {war eine ausgeglichene Stellung entstanden.}) (11... Qc7 12. e5 (12. Bg5
h6 13. Bh4 Bxc3 14. Bxf6 (14. bxc3 Qf4) 14... Nxf6 15. bxc3 Qf4 16. Re1 Bxf3
17. Qxf3 Qxf3 18. gxf3 c5 19. d5 exd5 {remis, Orso,J-Tomcsanyi,P, Ungarn 1994,
TD 94/03.}) (12. h3 Bh5 13. Bg5 h6 14. Bh4 Bxc3 15. bxc3 Qf4 16. g4 Bg6 17. e5
Nd5 18. Rac1 Qe4 19. Qxe4 Bxe4 20. Nd2 Bh7 $13 {Guliev,S-Kakageldiev,A, Frunze
op 1989, TD 89/09.}) 12... Nd5 13. Bd2 Bxc3 14. bxc3 f6 15. Bd3 fxe5 16. Bxh7+
Kh8 17. Be4 exd4 18. cxd4 N7f6 19. Bc2 Nh5 {remis, Lukacs,P-Varag,P, Budapest
1994, EXP 43.}) (11... Re8 12. h3 (12. e5 Nd5 13. Bd2 a5 14. Ne4 Be7 15. h3 Bh5
16. Ng3 Bg6 17. Bxd5 exd5 $5 $15 (17... cxd5 18. Qb5 $13 {Panno,O-Benkö,F,
Meisterschaft von Argentinien 1958, MCL 01.})) 12... Bxf3 13. Qxf3 e5 14. d5
Bxc3 15. dxc6 Bd4 16. cxd7 Re7 $13 {Lukacs,P-Barbulescu,D, Polanica Zdroj 1984,
MCL 01.}) 12. h3 (12. e5 Nd5 13. Nxd5 cxd5 14. Bd3 f6 $5 $13 {Djurhuus,
R-Johannessen,S, Gausdal 1994/95, EXP 45;} (14... Qd8 $5)) 12... Bxf3 (12...
Bh5 {Mowsziszian} 13. e5 Nd5 14. Ne4 $14) 13. Qxf3 e5 14. d5 Bxc3 (14... Nb6 {
Mowsziszian} 15. Ba2 Bxc3 16. bxc3 Qxa4 17. c4 Nxe4 18. Ba3 cxd5 19. Bb3 Qe8
20. cxd5 Nf6 21. Bxf8 Kxf8 22. d6 e4 23. Qe3 Qb5 24. Rac1 {Williams,AH-Rodas
Martini,P/Luzern olm (05) ;BIG 80 1982/1-0 (40)}) 15. bxc3 Nb6 $2 {Es sollte
seit der oben zitierten Partie Kasparov-Bareev schon bekannt sein, daß dies
fehlerhaft ist. In der Stammpartie mit dieser Stellung, Jusupov,A-Velikov,P,
Bulgarien 1981, Inf. 32/473, geschah} (15... cxd5 16. Bxd5 Nxd5 17. Rxd5 Qc7
18. Ba3 Rfe8 19. Rad1 Nf6 20. Rc5 {, und jetzt ist es nach dem von Jusupov in
seinen Kommentaren vorgeschlagenen Zug} Qb6 {nicht deutlich, ob der Vorteil
des Weißen nennenswert ist.}) 16. Bb3 cxd5 (16... c5 {Mowsziszian}) 17. exd5
Rfc8 (17... e4 {Mowsziszian} 18. Qg3 Nbxd5 19. Bh6 g6 20. Bxd5 Nxd5 21. Qe5 $18
) (17... Rac8 {Mowsziszian} 18. c4 Nxc4 19. Bg5 Qd8 20. Rac1 Nd6 21. Rxc8 Nxc8
22. d6 $1 e4 23. Qg3 Nb6 24. d7 $1 $16) 18. c4 (18. Bb2 $2 {Mowsziszian} Nc4
$15) 18... Nxc4 (18... Nbd7 {Mowsziszian} 19. d6 Nc5 20. Bc2 $16) 19. Bg5 Ne8
$2 (19... Qa6 20. d6 Nxd6 21. Bxf6 gxf6 22. Qxf6 (22. Bd5 Kg7 23. Ra3 $5) 22...
Nc4 23. Qf3 (23. Qxa6 bxa6 24. Rd7 Rab8 25. Ba2 Rb4 $13) 23... Qc6 24. Qe2 $16
a6 25. a5) (19... Nd7 20. Qf5 {gefolgt von d5-d6 sieht ebenfalls fatal für
Schwarz aus.}) (19... Qb6 20. d6 Nd7 (20... Nxd6 21. Bxf6 gxf6 22. a5 {
bedeutet keine Verbesserung gegenüber 19...Da6, denn 22...Dc6 wird mit 23.Ld5
und 22...Db4 mit 23.Ta4 beantwortet.}) 21. a5 Qc6 22. Ba4 Qxf3 23. gxf3 $18) (
19... e4 {Mowsziszian} 20. Qg3 (20. Qf4 Nxd5 21. Qxe4 Nc3) (20. Qf5 Nd6 21. Qf4
Qd8) 20... Nd7 (20... Nxd5 $2 21. Bh6 g6 22. Bxc4 Rxc4 23. Qe5 $18) (20... Ne8
21. Bxc4 Rxc4 22. d6 $16) 21. Rac1 $16 {o^}) 20. Bxc4 Rxc4 21. d6 $18 e4 22.
Qb3 Rb4 23. Qc3 Rb5 24. Qxa5 1-0